| 000 | 01343cam a2200265 a 4500 | ||
|---|---|---|---|
| 999 |
_c129954 _d129954 |
||
| 001 | 16473172 | ||
| 003 | ARRUPE | ||
| 005 | 20191112091156.0 | ||
| 008 | 100923s2008 nyua 000 0 eng | ||
| 010 | _a 2010485148 | ||
| 020 | _a9780141010014 | ||
| 040 |
_aDLC _cDLC _dDLC |
||
| 050 | 0 | 0 |
_aQK475 _b.D42 2008 |
| 100 | 1 |
_aDeakin, Roger. _948465 |
|
| 245 | 1 | 0 |
_aWildwood : _ba journey through trees / _cRoger Deakin. |
| 260 |
_aLondon : _bHamish Hamilton, _c2008. |
||
| 300 |
_axii, 390 p. : _bill. ; _c24 cm. |
||
| 520 | _aAccompanying famed British nature writer Deakin through the woods of Britain, Europe, Kazakhstan, and Australia in search of what lies behind man's profound and enduring connection with trees. Deakin lives in forest shacks, goes "coppicing" in Suffolk, swims beneath the walnut trees of the Haut-Languedoc, and hunts bushplums with Aboriginal women in the outback. Along the way, he ferrets out the mysteries of woods, detailing the life stories of the timber beams composing his Elizabethan house and searching for the origin of the apple. | ||
| 650 | 0 |
_aTrees. _948466 |
|
| 650 | 0 |
_aForests and forestry. _948467 |
|
| 650 | 0 |
_aHuman-plant relationships. _916199 |
|
| 906 |
_a7 _bcbc _corigcop _d2 _encip _f20 _gy-gencatlg |
||
| 942 |
_2lcc _cMONOGRAPH |
||